000 00406nam a2200145Ia 4500
008 240729s9999 xx 000 0 und d
022 _a1449-1907
245 0 _aInternational Journal of Medical Sciences
260 _aAustralia
260 _bIvyspring International Publisher
650 _aMedicine
856 _uhttps://doaj.org/toc/44e80f43f2944e768b1a85ad8afb0240
942 _2ddc
942 _cDOAJEJ
999 _c69457
_d69457
945 _a1
_bMadushi Gamage
_c1
_dMadushi Gamage